Prvé husle trhovej ekonomiky sa stále ladia

Pomoc Národnej agentúry pre rozvoj malého a stredného podnikania. Poskytovanie záruk a úverov. Sprostredkovanie informácií o podporných programoch - Euro-Info Centrum. Podporný úverový program. Program PHARE. Seed Capital Fond. Podnikový plán pri žiadosti o úver.

Gespeichert in:
Bibliographische Detailangaben
1. Verfasser: Chudý, V.
Format: Buchkapitel
Sprache:Slowakisch
Schlagworte:
Tags: Tag hinzufügen
Keine Tags, Fügen Sie das erste Tag hinzu!

MARC

LEADER 00000naa a2200000 4500
001 r019283
005 20251104124102.8
041 0 |a slo 
044 |a SK 
245 1 0 |a Prvé husle trhovej ekonomiky sa stále ladia  |c V. Chudý 
520 |a Pomoc Národnej agentúry pre rozvoj malého a stredného podnikania. Poskytovanie záruk a úverov. Sprostredkovanie informácií o podporných programoch - Euro-Info Centrum. Podporný úverový program. Program PHARE. Seed Capital Fond. Podnikový plán pri žiadosti o úver. 
610 2 0 |a podnikanie 
610 2 0 |a NARMSP Bratislava 
610 2 0 |a úver 
610 2 0 |a PHARE 
610 2 0 |a Seed Capital Fond 
610 2 0 |a podpora podnikania 
100 1 |a Chudý, V.